| 000 | 00885nam a2200241Ia 4500 | ||
|---|---|---|---|
| 003 | GCL | ||
| 008 | 140319s9999 xx 000 0 ara d | ||
| 040 |
_aGCL / _cGCL |
||
| 082 | 0 | 4 |
_a213 _bر م |
| 100 | 1 | _aرافت الشيخ | |
| 245 | 1 | 0 |
_aالمسلمون فى العالم: تاريخيا وجغرافيا / _cرافت الشيخ |
| 300 | _a137 ص | ||
| 490 |
_aالهيئة العامة للاستعلامات _v0 |
||
| 650 | 0 | 4 | _aالاسلام فى افريقيا |
| 650 | 0 | 4 | _aالاسلام فى اسيا |
| 650 | 0 | 4 | _aالمسلمون, اقليات |
| 650 | 0 | 4 | _aمنظمة المؤتمر الاسلامى |
| 650 | 0 | 4 | _aالمسجد الاقصى, حريق |
| 650 | 0 | 4 | _aاوربا، الاسلام، احصاء |
| 650 | 0 | 4 | _aالمسلمون فى امريكا الشمالية |
| 650 | 0 | 4 | _aالمسلمون فى امريكا الجنوبية |
| 942 |
_2ddc _cBK |
||
| 999 |
_c48974 _d48974 |
||